Chaos, fractals and self-organisation : (Record no. 8986)

MARC details
000 -LEADER
fixed length control field 00536cam a2200205ua 4500
001 - CONTROL NUMBER
control field 9995
005 - DATE AND TIME OF LATEST TRANSACTION
control field 20260515114542.0
008 - FIXED-LENGTH DATA ELEMENTS--GENERAL INFORMATION
fixed length control field 170314n ii |||gr||||Z||||||eng
020 ## - INTERNATIONAL STANDARD BOOK NUMBER
International Standard Book Number 812371596X
040 ## - CATALOGING SOURCE
Transcribing agency MAIN
041 ## - LANGUAGE CODE
Language code of text/sound track or separate title eng
082 ## - DEWEY DECIMAL CLASSIFICATION NUMBER
Classification number 117
100 ## - MAIN ENTRY--PERSONAL NAME
Personal name Kumar, Arvind,
Relator term Author.
245 ## - TITLE STATEMENT
Title Chaos, fractals and self-organisation :
Remainder of title new perspectives on complexity in nature /
Statement of responsibility, etc. By Arvind Kumar .
250 ## - EDITION STATEMENT
Edition statement 1st ed./rep.
260 ## - PUBLICATION, DISTRIBUTION, ETC.
Place of publication, distribution, etc. New Delhi:
Name of publisher, distributor, etc. NBT,
Date of publication, distribution, etc. 2002.
300 ## - PHYSICAL DESCRIPTION
Extent 186p.
653 ## - INDEX TERM--UNCONTROLLED
Uncontrolled term Structure
942 ## - ADDED ENTRY ELEMENTS (KOHA)
Koha item type Books
Holdings
Withdrawn status Lost status Damaged status Not for loan Home library Current library Shelving location Date acquired Total checkouts Full call number Barcode Date last seen Copy number Price effective from Koha item type
        Naharkatiya College Library Naharkatiya College Library General stacks 09/19/2020   117 | KUM 16236 09/19/2020 1 09/19/2020 Books